| 000 | 00870nam a2200193 a 4500 | ||
|---|---|---|---|
| 001 | 000041730 | ||
| 005 | 20201002035725.0 | ||
| 008 | 131016s1974 sp a 000 0 spa d | ||
| 020 | _a8400039947 | ||
| 040 |
_aDO-SdBNP _bspa _cBNPHU |
||
| 082 |
_axxx _bxxx |
||
| 100 | 1 |
_aLohmann Villena, Guillermo _93144 |
|
| 245 | 1 | 4 |
_aLos ministros de la Audencia de Lima en el Reinado de los Borbones (1700-1821) : _besquema de un estudio sobre un núcleo dirigente / _cGuillermo Lohmann Villena. |
| 260 |
_aSevilla : _bEscuela de Estudios Hispano-Americanos, _c1974. |
||
| 300 |
_acxxiv, 200 p., : _bil. ; _c25 cm. |
||
| 490 | 1 |
_aPublicaciones de la Escuela de estudios hispano-americanos de Sevilla, _v222 |
|
| 500 | _aIncluye referencias bibliográficas y notas al pie de las páginas | ||
| 830 | 0 |
_aPublicaciones de la Escuela de estudios hispano-americanos de Sevilla, _n222 _968568 |
|
| 999 |
_c41219 _d41219 |
||